000 00463nam a2200193Ia 4500
005 20250423095845.0
008 250422s9999 xx 000 0 und d
020 _a0-201-89582-X
050 _aTK 454 .N54/
100 _aSusan A. Riedel
245 0 _aIntroducton to PSpice
250 _aFifth Edition
260 _aCalifornia
260 _bAddison Wesley Publishing Company
260 _c1996
300 _a164 p
650 _aEngineering
942 _cBK
999 _c31541
_d31541